| 000 | 00402nam a22001337a 4500 | ||
|---|---|---|---|
| 082 |
_a621.1 _bHAE _cL-12, P-11 |
||
| 100 |
_aHaeder, Herman, _941070 |
||
| 245 |
_aA hand book on the steam engine _cHerman haeder & H.H.P. Powles |
||
| 260 |
_aLondon,: _bCrosby lockwood and son _c1920 |
||
| 300 | _avii, 458 p, 64 I | ||
| 526 |
_a0 _b0 _c0 _d621_100000000000000_HAE |
||
| 650 |
_aMCE _9379 |
||
| 942 |
_2ddc _cBK |
||
| 999 |
_c545265 _d545265 |
||